Tableau des médailles olympiques - Mexico 1968 - Statistiques

Statistiques générales
  • Ce quiz a été pris 9 fois
  • Le résultat moyen est 9 sur 11
Statistiques - réponses
Or Argent Bronze Total Pays % Correct
9 9 7 25 Allemagne de l'Est
100%
5 11 10 26 Allemagne de l’Ouest
100%
45 28 34 107 États-Unis
100%
7 3 5 15 France
100%
3 4 9 16 Italie
100%
11 7 7 25 Japon
100%
29 32 30 91 Union soviétique
89%
5 7 5 17 Australie
78%
10 10 12 32 Hongrie
56%
5 2 11 18 Pologne
56%
4 6 5 15 Roumanie
44%
Aucun quiz correspondant
Distribution des résultats
% des personnes avec chaque résultat
Percentile par nombre de réponses
Votre historique - résultats
Vous n’avez pas pris ce quiz